Однажды я стала принцессой. Т. 3 (Запись № 13366515)

Подробности
000 -МАРКЕР
контрольное поле 01124nam2a2200241 4500
001 - ИДЕНТИФИКАТОР ЗАПИСИ
контрольное поле RU\NLR\BIBL_A\022466025
005 - ИДЕНТИФИКАТОР ВЕРСИИ
контрольное поле 20250303175326.0
010 ## - МЕЖДУНАРОДНЫЙ СТАНДАРТНЫЙ НОМЕР КНИГИ (ISBN)
Номер (ISBN) 978-5-17-16214-3
Уточнения т. 3
Тираж 7000
021 ## - НОМЕР ГОСУДАРСТВЕННОЙ РЕГИСТРАЦИИ
Код страны Российская Федерация
Номер АЛ-П-24-01233и
Номер Листа государственной регистраци АЛ-П-24-0257
035 ## - ДРУГИЕ СИСТЕМНЫЕ НОМЕРА
Идентификатор записи (NLR Aleph) 022466025
100 ## - ДАННЫЕ ОБЩЕЙ ОБРАБОТКИ
Данные общей обработки 20250221d2024 u y0rusy50 ca
101 1# - ЯЗЫК РЕСУРСА
Язык текста, звукозаписи и т.д. русский
Язык оригинала корейский
102 ## - СТРАНА ПУБЛИКАЦИИ ИЛИ ПРОИЗВОДСТВА
Страна публикации Российская Федерация
105 ## - ПОЛЕ КОДИРОВАННЫХ ДАННЫХ: ТЕКСТОВЫЕ МАТЕРИАЛЫ, МОНОГРАФИЧЕСКИЕ
Кодированные данные о монографическом текстовом документе a t 000ay
200 0# - ЗАГЛАВИЕ И СВЕДЕНИЯ ОБ ОТВЕТСТВЕННОСТИ
Основное заглавие Т. 3
210 ## - ПУБЛИКАЦИЯ, РАСПРОСТРАНЕНИЕ И ДР.
Дата издания, распространения и т.д. 2024
215 ## - ФИЗИЧЕСКАЯ ХАРАКТЕРИСТИКА
Специфическое обозначение материала и объем 282, [6] с.
Другие сведения о физической характеристике цв. ил.
461 #0 - УРОВЕНЬ НАБОРА
Встроенное поле 001RU\NLR\BIBL_A\022337001
-- 2001#$aОднажды я стала принцессой$eвебтун$fавтор истории Плутос$gперевод с корейского Юлии Казаковой$gхудожник Спун$vТ. 3
-- 700#0$aПлутос$cпсевдоним$3RU\NLR\AUTH\770272863
Системный номер (АБИС) связанной записи 13258393
Автор Плутос (псевдоним)
Место публикации Москва
Дата публикации 2024
Первые сведения об ответственности автор истории Плутос
Имя издателя, распространителя и т.д. АСТ
Сведения, относящиеся к заглавию вебтун
Заглавие Однажды я стала принцессой
ISBN 978-5-17-16211-2
Номер тома Т. 3
942 ## - ДОПОЛНИТЕЛЬНЫЕ ЭЛЕМЕНТЫ ЗАПИСИ (АБИС)
Тип экземпляра АБИС Книга
980 ## - КОЛЛЕКЦИЯ
Название коллекции Национальная библиография
Экземпляры
Тип экземпляра Дата поступления Источник поступления Библиотека постоянного хранения Библиотека текущего хранения Место хранения Шифр хранения Штрих-код Статус экземпляра
Книга 21.02.2025 Обязательный экземпляр РНБ (Московский) РНБ (Московский) Русский книжный фонд: издания с 1957 года 2024-5/6975 1-4846213  
Книга 21.02.2025 Обязательный экземпляр РНБ (Московский) РНБ (Московский) Обменный фонд   1-4846208